000 00381cam a22001097a 4500
008 180718b1984 xxu||||| |||| 00| 0 eng d
082 _aL8 Un3acc
245 _aAccural accounting in developing countries
_cby Department of Economic and Social Affairs, U.S.A.
260 _aNew York
_bUnited Nations
_c1984
300 _a62p.
700 _aU.S.A. Department of Economic and Social Affairs
999 _c500618
_d500618